000 004390000a22001570004500
020 _a950-04-0447-8
041 0 _aSPA
082 0 4 _aG 920 G7991d
100 1 _aGreene, Graham (1904-)
245 1 0 _aDescubriendo al general Torrijos : Historia de un compromiso / Graham Greene
260 _aBuenos Aires, Argentina : Emecé
300 _a282 Pag
500 _aTítulo original : Getting to know the General
001 11255
942 _cBK
999 _c40607
_d40607